000 00537nam a22001697a 4500
005 20251108172945.0
008 250721s1999 xx 000 0 ara d
082 1 4 _a813.009/عبد
100 1 _aعيد، حسين
245 1 0 _aمفهوم السلطة و الدين في تجربة فتحي غانم الإبداعية /
264 1 _aحلب :
_bمركز الإنماء الحضاري،
_c1999.
300 _a142ص
650 1 7 _aالقصص العربية
650 1 7 _aالنقد الأدبي
942 _2ddc
_cBK
999 _c92752
_d92752